000 00716cab a2200217 4500
001 X2698
008 090401t1991 xxu||||| |||| 00| 0 eng d
035 _a(Sirsi) u25854
041 _aeng
245 _aLocal authorities and the review of the definitive map under the Wildlife and Countryside Act 1981
260 _c1991
350 _a0
490 _aJournal of Planning and Environment Law
_vJuly 1991, 611(4)
650 _aHIGHWAYS ACT 1980
650 _aMERSTHAM MANOR LTD V COULSDON AND PURLEY UDC
650 _aNATIONAL PARKS AND ACCESS TO THE COUNTRYSIDE ACT 1949
650 _aR V SOS ENVIRONMENT EX P SIMMS
690 _aHIGHWAYS RIGHTS OF WAY AND EASEMENTS
942 _n0
948 _c04/03/1997
999 _c17374
_d17374